| 000 | 00506nam a2200193 a 4500 | ||
|---|---|---|---|
| 001 | 1765258854876 | ||
| 003 | YourLibrary | ||
| 005 | 20251209111239.0 | ||
| 008 | 251209s2000##################000#0#eng## | ||
| 020 | _a9780520224315 | ||
| 082 | 0 | 4 |
_a616.692 _bBEO |
| 100 | 1 |
_aBecker, Gaylene, _eauthor. |
|
| 245 | 1 | 0 | _aThe Elusive Embryo : |
| 260 |
_bUniv of California Press, _c2000. |
||
| 300 | _a330 pages | ||
| 650 | 0 | _aHealth & Fitness. | |
| 942 | _cENGLISH | ||
| 040 |
_aYourLibrary _beng _cYourLibrary |
||
| 999 |
_c601794 _d601794 |
||